| 000 | 00949nam a2200277Ia 4500 | ||
|---|---|---|---|
| 003 | GCL | ||
| 008 | 140319s9999 xx 000 0 ara d | ||
| 040 |
_aGCL / _cGCL |
||
| 082 | 0 | 4 |
_a610.953 _bج ك |
| 100 | 1 | _aمحمد سليم سالم (تحقيق) | |
| 245 | 1 | 0 |
_aكتاب جالينوس فى الاسطقسات على رأى أيقراط / _cمحمد سليم سالم (تحقيق) |
| 700 | 1 | _aجالينوس | |
| 700 | 1 | _aخال | |
| 260 |
_a[S.N] : _bالهيئة المصرية العامة للكتاب ، _c1986 |
||
| 490 | _a | ||
| 650 | 0 | 4 | _aالطب |
| 650 | 0 | 4 | _aالحضارة العربية الاسلامية - المعارف البحرية |
| 650 | 0 | 4 | _aالتراث |
| 650 | 0 | 4 | _aالتراث العربى |
| 650 | 0 | 4 | _aالعلاج |
| 650 | 0 | 4 | _aالعلوم |
| 650 | 0 | 4 | _aالاسلام والطب |
| 650 | 0 | 4 | _aالعلوم عند العرب |
| 650 | 0 | 4 | _aالحضارة الاسلامية |
| 942 |
_2ddc _cBK |
||
| 999 |
_c27810 _d27810 |
||